| 000 | 01063nam a22003493u 4500 | ||
|---|---|---|---|
| 001 | DHIM2026022508330036 | ||
| 003 | RU-10907106 | ||
| 005 | 20260323082033.0 | ||
| 007 | tu | ||
| 008 | 260225s2021 gau ||| ||| 000 0 geo d | ||
| 020 |
_9978-9941-9755-2-3 _a9789941975523 |
||
| 040 |
_aRU-10907106 _bger _cRU-10907106 |
||
| 041 | _ageo | ||
| 245 | 0 |
_ac̕xovreba rkinigzis piras _bčiat̕urisa da zestap̕onis mexsiereba da dḡevandeloba |
|
| 264 | 1 |
_aTbilisi _bUDC _c2021 |
|
| 300 | _a92 Seiten | ||
| 336 |
_2rdacontent _aText _btxt |
||
| 337 |
_2rdamedia _aOhne Hilfsmittel zu benutzen _bn |
||
| 338 |
_2rdacarrier _aBand _bnc |
||
| 650 |
_aPostsozialismus _914339 |
||
| 650 |
_aPostsowjetisch _968664 |
||
| 650 |
_aOral History _923556 |
||
| 650 |
_aEisenbahn _96400 |
||
| 650 |
_aDeindustrialisierung _921156 |
||
| 651 | _aGeorgien | ||
| 651 |
_aTschiatura _968665 |
||
| 651 |
_aSestaponi _968666 |
||
| 700 | 1 |
_4aut _aBerekašvil, Bak̕ar _968667 |
|
| 700 | 1 |
_4aut _aBicaże, Uta _968668 |
|
| 700 | 1 |
_4aut _aOrešina, Iulia _968669 |
|
| 942 |
_2z _cMG |
||
| 999 |
_c73828 _d73828 |
||